Boletin Demográfico/
Salvato in:
| Ente Autore: | |
|---|---|
| Natura: | Libro |
| Lingua: | Spanish |
| Pubblicazione: |
Santiago:
Chile
|
| Soggetti: | |
| Tags: |
Aggiungi Tag
Nessun Tag, puoi essere il primo ad aggiungerne!!
|
MARC
| LEADER | 00000nam a22000007a 4500 | ||
|---|---|---|---|
| 003 | cru CIDCACS/IIS | ||
| 005 | 20200326152136.0 | ||
| 008 | 200326n cl |||p|r||||||0| ||spa|d | ||
| 999 | |c 43030 |d 43030 | ||
| 022 | |a 03785386 | ||
| 040 | |c cru CIDCACS/IIS | ||
| 090 | |a REV0102 | ||
| 110 | 2 | |9 5319 |a Centro Latinoamericano y Caribeño de Demografía (CELADE)-División de la CEPAL | |
| 245 | 1 | |a Boletin Demográfico/ |c Centro Latinoamericano de Demografía | |
| 260 | |a Santiago: |b Chile | ||
| 500 | |a EXISTENCIAS : 1970 3 (6) 1971 4 (9) 1972 5 (10) 1975 9 (16) 1976 9 (17-18, n.esp) 1977 10 (20) 1978-1980 11-13 (21-26) 1981 14 (28) 1982-1987 15-20 (29-40) 1988-1996 21-29 (41-58) 1997 30 (59-60) 1998 31 (61-62) 1999 32 (63-64) 2001 (67) 2003 (72) 2004 (73-74) 2005 XXXVIII,[76] | ||
| 650 | 4 | |9 2602 |a POBLACION | |
| 650 | 0 | |9 124 |a DATOS ESTADISTICOS | |
| 650 | 0 | |9 1772 |a TASA DE FECUNDIDAD | |
| 650 | 4 | |9 2632 |a MORTALIDAD | |
| 942 | |2 ddc |c PP | ||
